A TODA CRITICA : (Registro nro. 44187)
[ vista simple ]
| 000 -LEADER | |
|---|---|
| fixed length control field | 01082nam a2200229 a 4500 |
| 001 - CONTROL NUMBER | |
| control field | 44187 |
| 005 - DATE AND TIME OF LATEST TRANSACTION | |
| control field | 20180714022943.0 |
| 008 - FIXED-LENGTH DATA ELEMENTS--GENERAL INFORMATION | |
| fixed length control field | 140415s1997 sp 000 0 spa d |
| 020 ## - INTERNATIONAL STANDARD BOOK NUMBER | |
| International Standard Book Number | 8433913603 |
| 041 ## - LANGUAGE CODE | |
| Language code of text/sound track or separate title | spa |
| 082 ## - DEWEY DECIMAL CLASSIFICATION NUMBER | |
| Classification number | 700.1 |
| Item number | HUG |
| 100 1# - MAIN ENTRY--PERSONAL NAME | |
| Personal name | HUGHES, ROBERT |
| 245 12 - TITLE STATEMENT | |
| Title | A TODA CRITICA : |
| Remainder of title | ENSAYOS SOBRE ARTE Y ARTISTAS |
| 250 ## - EDITION STATEMENT | |
| Edition statement | 2a ed. |
| 260 ## - PUBLICATION, DISTRIBUTION, ETC. | |
| Place of publication, distribution, etc. | ESPAÑA : |
| Name of publisher, distributor, etc. | ANAGRAMA, |
| Date of publication, distribution, etc. | 1997 |
| 300 ## - PHYSICAL DESCRIPTION | |
| Extent | 497 |
| Dimensions | x 14 x 21.8 |
| 490 ## - SERIES STATEMENT | |
| Series statement | ARGUMENTOS |
| 520 ## - SUMMARY, ETC. | |
| Summary, etc. | ROBERT HUGHES, REUNE EN ATODA CRÍTICA CASI UN CENTENAR DE SUS MEJORES ENSAYOS SOBRE EL TEMA. QUE CORROBORAN BRILLANTEMENTE LA AFIRMACION DE MARTIN FILLER: ES EL MAS ICONOCLASTA CRÍTICO DEL ARTE EN AMERICA... Y EL MEJOR. DESDE LEONARDO HASTA WARHOL, DE NORMAN ROCKWELL A PABLO PICASSO, PASANDO POR LA MAS ATRACTIVA GAMA DE ARTISTAS Y EPOCAS, YA SE TRATE DE GOYA, HOCKNEY, MONET, DE KOONING, RODIN, ETC. EL AUTOR NO SE LIMITA A ANALIZAR LA OBRA DE ELLOS SURGIDA, SINO QUE LA CONTEXTUA |
| 650 14 - SUBJECT ADDED ENTRY--TOPICAL TERM | |
| Topical term or geographic name entry element | ARTE |
| General subdivision | CRTICA |
| 700 1# - ADDED ENTRY--PERSONAL NAME | |
| Personal name | COSCARELLI, ALBERTO |
| Relator term | tr. |
| 740 ## - ADDED ENTRY--UNCONTROLLED RELATED/ANALYTICAL TITLE | |
| Uncontrolled related/analytical title | NOTHING IF NOT CRITICAL |
| Withdrawn status | Lost status | Source of classification or shelving scheme | Damaged status | Not for loan | Collection code | Home library | Current library | Shelving location | Date acquired | Source of acquisition | Inventory number | Total Checkouts | Full call number | Barcode | Date last seen | Date last checked out | Price effective from | Koha item type |
|---|---|---|---|---|---|---|---|---|---|---|---|---|---|---|---|---|---|---|
| Dewey Decimal Classification | General | Biblioteca Karol Wojtyla | Biblioteca Karol Wojtyla | Sala general | 03/12/2013 | Compra | 151000000000000000028618 | 700.1 HUG | 66420 | 05/01/2026 | 01/12/2014 | 03/12/2013 | Libro |